000 00687nam a2200265Ia 4500
001 5240
005 20240113233823.0
007 ta
008 050618s1996 g b000 u eng u
020 _a81-7488-352-5
040 _aCotton College,Assam
041 _aeng
082 _a595.7
_bSa 98 In
100 _aSaxena, A.B. .
245 0 _aInsects and Pesticides /
_cA.B. Saxena.
_hTextual Documents
250 _a1st ed. /
260 _aNew Delhi :
_bAnmol Publications ,
_c1996.
300 _av, 374p. ;
_c22cm.
653 _aZoology-Insects
653 _aInsects-Pesticides
653 _aPG-Zoology
942 _2ddc
_cBK
999 _c5227
_d5227